| 000 | 01226nas0a22003251i 4500 | ||
|---|---|---|---|
| 001 | RU\NLR\DRGNLR\1621 | ||
| 005 | 20240725031019.0 | ||
| 035 | _a(NLR Aleph) 010310192 | ||
| 090 |
_a10634399 _c10634399 |
||
| 100 | _a20080514b1913 u y0rusy50 ca | ||
| 101 | 0 | _arus | |
| 102 | _aRU | ||
| 110 | _acya|||||||| | ||
| 200 | 1 |
_aЗаря Урала _eГаз. обществ., лит., полит. и экон. _fРед.-изд. М.А.Бреслин |
|
| 210 |
_aЧелябинск _d1913, 30 авг - [?] |
||
| 300 | _aС 14 сент. 1914 выходила 2 раза в день | ||
| 540 | 1 | _aЗаря Урала | |
| 702 | 1 |
_aБреслин _bМатус Аврум. _4340 |
|
| 801 | 0 |
_aRU _bNLR _c20080514 _gPSBO _2gzdor_isis |
|
| 801 | 2 |
_aRU _bNLR _c20080514 _gPSBO _2rusmarc |
|
| 852 |
_aNLR _j1-Р/1-1042 |
||
| 942 | _cNEWSPAPER | ||
| 980 | _aDRG | ||